000 00620nam a22001937a 4500
003 OSt
005 20210426083639.0
008 210211s2013 ||||| |||| 00| 0 eng d
040 _aeng
_beng
_cDLC
041 _aeng
080 _a61 (09)
_bR-66
100 _9828
_aRoberts, Stewart. Charles
245 _aSelected Roberts Papers from Seven Generations
_c/ by: The Reprint Company Publishers
260 _aCharleston, South Carolina
_bThe Reprint Company Publishers
_c2013
300 _a542 p.
_bill/
650 0 _9335
_aHistory of Medicine
653 _aმედიცინის ისტორია
942 _2udc
_cBK
999 _c1329
_d1329